000 00506nam a2200169 i 4500
001 71764
003 ES-MaACL
005 20230906171225.0
007 t|
008 040818s1960 sp ||||1| spa d
100 1 _aGheorghiu, Constantin Virgil.
_956560
245 1 3 _aEl oro de la piel /
_cC. Virgil Gheorghiu ; [versión española de Rafael Sarro].
260 _aBarcelona :
_bCaralt,
_c[1960]
300 _a245 p. ;
_c22 cm.
700 1 _aSarro, Rafael.
_9103871
852 _aES-MaACL
_jC-17974
_bR.43030
999 _c71764
_d71764